Air Cargo management : (Record no. 26626)

000 -LEADER
fixed length control field 00618cam a2200205 i 4500
008 - FIXED-LENGTH DATA ELEMENTS--GENERAL INFORMATION
fixed length control field 161020s2017 enk 001 0 eng
020 ## - INTERNATIONAL STANDARD BOOK NUMBER
International Standard Book Number 9781138659544 (pbk.)
Terms of availability GBP59.99
040 ## - CATALOGING SOURCE
Language of cataloging eng
041 0# - LANGUAGE CODE
Language code of text/sound track or separate title eng
082 00 - DEWEY DECIMAL CLASSIFICATION NUMBER
Classification number 387.744
Item number S1637
Edition number 23
100 1# - MAIN ENTRY--PERSONAL NAME
Personal name Sales, Michael,
245 10 - TITLE STATEMENT
Title Air Cargo management :
Remainder of title air freight and the global supply chain /
250 ## - EDITION STATEMENT
Edition statement 2nd ed..
260 ## - PUBLICATION, DISTRIBUTION, ETC. (IMPRINT)
Place of publication, distribution, etc London:
Name of publisher, distributor, etc Routledge,
Date of publication, distribution, etc 2017.
300 ## - PHYSICAL DESCRIPTION
Extent xx, 222 p. :
Other physical details illustrations ;
Dimensions 24 cm
500 ## - GENERAL NOTE
General note Includes index.
650 #0 - SUBJECT ADDED ENTRY--TOPICAL TERM
Topical term or geographic name as entry element Aeronautics, Commercial
General subdivision Freight.
Topical term or geographic name as entry element Business logistics.
942 ## - ADDED ENTRY ELEMENTS (KOHA)
Item type Books
Holdings
Withdrawn status Lost status Source of classification or shelving scheme Damaged status Not for loan Permanent location Current location Shelving location Date acquired Source of acquisition Cost, normal purchase price Full call number Barcode Date last seen Cost, replacement price Koha item type Total Checkouts Total Renewals Date last borrowed
          IMU Kolkata IMU Kolkata Reference 2023-06-22 4 3755.44 387.744 S1637 14063 2023-06-22 6064.99 Books      
          IMU Kolkata IMU Kolkata   2023-06-22 4 3755.44 387.744 S1637 14064 2023-12-20 6064.99 Books 3 1 2023-11-24
          IMU Kolkata IMU Kolkata   2023-06-22 4 3755.44 387.744 S1637 14065 2024-09-18 6064.99 Books 3   2024-09-03
Designed and Maintained by IMU-KC Library, Kolkata Campus © Copyright All Rights Reserved

webs counters

Powered by Koha